[Event "Miercurea Ciuc Banc Post op 10th"]
[Site "Miercurea Ciuc"]
[Date "2007.08.19"]
[Round "9"]
[White "Darvas, Ignatie"]
[Black "Nitoiu, Razvan"]
[Result "1/2-1/2"]
[WhiteElo "1820"]
[BlackElo "1795"]
[PlyCount "74"]
[EventDate "2007.08.19"]
[EventType "swiss"]
[EventRounds "9"]
[EventCountry "ROU"]
[SourceTitle "EXT 2010"]
[Source "ChessBase"]
[SourceDate "2010.11.25"]
[SourceVersion "1"]
[SourceVersionDate "2010.11.25"]
[SourceQuality "1"]

1. d4 d5 2. c4 e6 3. Nc3 c6 4. Nf3 Nf6 5. e3 Bd6 6. Bd3 Nbd7 7. c5 Bc7 8. 0-0 e5 9. dxe5 Nxe5 10. Nxe5 Bxe5 11. Qc2 0-0 12. Ne2 Re8 13. Nd4 h6 14. h3 Bd7 15. Bf5 Bxf5 16. Nxf5 Qd7 17. Rb1 Ne4 18. Nd4 Bxd4 19. exd4 b6 20. b4 bxc5 21. bxc5 Rab8 22. Rb3 Qc7 23. Be3 Rxb3 24. axb3 Rb8 25. Rb1 Rb5 26. b4 Qb7 27. f3 Nf6 28. Bd2 a5 29. Qa4 Nd7 30. Re1 axb4 31. Qb3 Nf6 32. Rb1 Nd7 33. Ra1 Nb8 34. Re1 Qd7 35. Rb1 Qb7 36. Re1 Qd7 37. Ra1 Qb7 1/2-1/2